|
|
|
|
| LEADER |
01822cas a2200241 a 4500 |
| 001 |
AALejournalIMF003544 |
| 008 |
230101c9999 xx r poo 0 0eng d |
| 020 |
|
|
|c 5.00 USD
|
| 020 |
|
|
|z 9781451861051
|
| 022 |
|
|
|a 1018-5941
|
| 040 |
|
|
|a BD-DhAAL
|c BD-DhAAL
|
| 110 |
2 |
|
|a International Monetary Fund.
|
| 245 |
1 |
0 |
|a Following Germany's Lead :
|b Using International Monetary Linkages to Identify the Effect of Monetary Policy on the Economy.
|
| 264 |
|
1 |
|a Washington, D.C. :
|b International Monetary Fund,
|c 2005.
|
| 300 |
|
|
|a 1 online resource (39 pages)
|
| 490 |
1 |
|
|a IMF Working Papers
|
| 500 |
|
|
|a <strong>Off-Campus Access:</strong> No User ID or Password Required
|
| 500 |
|
|
|a <strong>On-Campus Access:</strong> No User ID or Password Required
|
| 506 |
|
|
|a Electronic access restricted to authorized BRAC University faculty, staff and students
|
| 520 |
3 |
|
|a Forward-looking behavior on the part of the monetary authority leads least squares estimates to understate the true growth consequences of monetary policy interventions. We present instrumental variables estimates of the impact of interest rates on real output growth for several European countries, using German interest rates as the instrument. We show that the difference between least squares and instrumental variables estimates provides bounds for the degree of endogeneity in monetary policy. The results confirm a considerable downward bias of estimates that do not account for potential forward-looking monetary policy decisions. The bias is higher for countries whose monetary policy was more independent of Germany.
|
| 538 |
|
|
|a Mode of access: Internet
|
| 830 |
|
0 |
|a IMF Working Papers; Working Paper ;
|v No. 2005/086
|
| 856 |
4 |
0 |
|z Full text available on IMF
|u http://elibrary.imf.org/view/journals/001/2005/086/001.2005.issue-086-en.xml
|z IMF e-Library
|